Online
Catalog
Normal view MARC view

Entry Nombre personal

Number of records used in: 13

001 - NÚMERO DE CONTROL

  • campo de control: 469

003 - IDENTIFICADOR DEL NÚMERO DE CONTROL

  • campo de control: BNPHU

005 - FECHA Y HORA DE LA ÚLTIMA TRANSACCIÓN

  • campo de control: 20250203093854.0

008 - DATOS DE LONGITUD FIJA

  • campo de control de longitud fija: 200615|| aca||aabn | a|a d

040 ## - FUENTE DE LA CATALOGACIÓN

  • Centro catalogador/agencia de origen: DO-SdBNP
  • Lengua de catalogación: spa
  • Centro/agencia transcriptor: BNPHU
  • Normas de descripción: rda

100 1# - ENCABEZAMIENTO-NOMBRE DE PERSONA

  • Nombre de persona: Merejo, Andrés

370 ## - LUGAR ASOCIADO

  • Lugar de nacimiento: República Dominicana

372 ## - CAMPO DE ACTIVIDAD

  • Campo de actividad: Filósofo
  • Campo de actividad: Ensayista
  • Campo de actividad: Investigador
  • Campo de actividad: Profesor

374 ## - OCUPACIÓN

  • Ocupación: Profesor
  • Ocupación: Escritor

375 ## - GÉNERO/SEXO

  • Género/Sexo: Masculino

377 ## - LENGUA/LENGUAJE ASOCIADO

  • Código del idioma: spa
  • Término de lengua/lenguaje: Español

400 1# - TRAZADO DE VÉASE--NOMBRE DE PERSONA

  • Nombre de persona: A. Merejo

670 ## - FUENTE DE DATOS ENCONTRADOS

  • Cita de la fuente: Work cat.: (OSt)143: Merejo, Andrés, Conversaciones en el lago :, 2005.

670 ## - FUENTE DE DATOS ENCONTRADOS

  • Cita de la fuente: Merejo, Andrés. La dominicanidad transida : entre lo virtual y lo real, 2017

670 ## - FUENTE DE DATOS ENCONTRADOS

  • Identificador Uniforme del Recurso: https://authorities.loc.gov/cgi-bin/Pwebrecon.cgi?AuthRecID=4184224&v1=1&HC=1&SEQ=20250203093811&PID=XGBPtbXd_Q9DwKS45__al66z-loz Consultado en 03 de febrero, 2025

Powered by Koha